Statistics for The Breaking Bad Quiz

Click here to take the quiz!

General Stats

  • This quiz has been taken 43 times
  • The average score is 10 of 20

Answer Stats

HintAnswer% Correct
Who is the protagonistWalter White
96%
What city does Walter White live inAlbuquerque
85%
Antagonist from season 2 - 4Gustavo Fring
78%
The antagonist from season 1 episode 6 to season 2 episode 2Tuco Salamanca
70%
How do Walt and Jesse decide to dispose of Emilio's bodyAcid
63%
Who was considered the drug kingpin before TucoKrazy-8
63%
Jesse's lawyer, "Better call ____"
Saul
63%
Who is Jesse's second love interest after JaneAndrea
59%
How does the above dieExplosion
59%
Does methylamine expireNo
56%
Who is Hank's friend and co-worker in the DEASteve Gomez
52%
What is the last episode of Breaking Bad calledFelina
48%
Who kills Hank, tortures Jesse, and forces Walt to cook for himJack Welker
41%
Who does Gus kill with a box-cutter to send a messageVictor
41%
Who kills Combo on a bikeTomas
33%
How many pounds does Gus require per week200
30%
Who kills AndreaTodd Alquist
30%
How does one of the twins dieHead shot
15%
Why is the time on this quiz 3:08It's Walt's address
11%
How does the other twin dieCrushed by car
7%

Score Distribution

Percentile by Number Answered

Percent of People with Each Score

Your Score History

You have not taken this quiz